Trabajos y orientaciones de derecho procesal
Uloženo v:
| Hlavní autor: | |
|---|---|
| Médium: | Kniha |
| Jazyk: | španělština |
| Vydáno: |
Madrid
Revista de Derecho Privado
1964
|
| Témata: | |
| Tagy: |
Přidat tag
Žádné tagy, Buďte první, kdo vytvoří štítek k tomuto záznamu!
|
MARC
| LEADER | 00000nam a2200000 a 4500 | ||
|---|---|---|---|
| 001 | UCS1074 | ||
| 003 | CL-VaPUC | ||
| 008 | 970509e19640000SP |||||||||||||||||spa|d | ||
| 082 | 0 | 4 | |a 345.05 |b PRI |2 21 |
| 100 | 0 | |a Prieto-Castro y Ferrándiz, Leonardo |e author |9 385122 | |
| 245 | 1 | 0 | |a Trabajos y orientaciones de derecho procesal |
| 300 | |a 917 p | ||
| 942 | |c BK | ||
| 945 | |d 19970509 00:00:00 |a cmena | ||
| 260 | |a Madrid |b Revista de Derecho Privado |c 1964 | ||
| 650 | 0 | |a Derecho procesal penal |9 256392 | |
| 650 | 7 | |a DERECHO PENAL |2 CL-VaPUC |9 11 | |
| 650 | 0 | |a Procedimiento penal |9 254974 | |
| 650 | 0 | |a Derecho procesal civil |9 258071 | |
| 650 | 0 | |a Derecho comparado |9 255664 | |
| 650 | 7 | |a LEGISLACION |2 CL-VaPUC |9 385123 | |
| 650 | 0 | |a Código civil |9 256135 | |
| 650 | 0 | |a Jurisprudencia |9 255952 | |
| 650 | 0 | |a Delitos |9 224143 | |
| 650 | 0 | |a Prueba |9 256247 | |
| 650 | 0 | |a Poder judicial |9 254871 | |
| 651 | 0 | |a Hispanoamérica |9 337366 | |
| 651 | 0 | |a Filipinas |9 258491 | |
| 583 | |a last modification |c 19970509 00:00:00 |k Rodrigo Vera | ||
| 999 | |c 259182 |d 259180 | ||
| 952 | |0 0 |1 0 |4 0 |6 345_050000000000000_PRI_1964 |7 0 |8 A |9 283788 |a BIBDER |b BIBDER |d 2019-11-19 |i 1842552 |o 345.05 PRI 1964 |p 1842552 |r 2023-01-25 |w 2019-11-19 |y BK |k DER | ||